| 000 | 00730nam a2200229 i 4500 | ||
|---|---|---|---|
| 001 | 105773 | ||
| 003 | ES-MaACL | ||
| 005 | 20240508152847.0 | ||
| 007 | t| | ||
| 008 | 060823s1967 ag ||||1| spa d | ||
| 080 | _a929 Besteiro, Julián | ||
| 080 | _a32 Besteiro, Julián | ||
| 100 | 1 |
_aSaborit, Andrés. _9101211 |
|
| 245 | 1 | 0 |
_aJulián Besteiro / _cAndrés Saborit ; prólogo de Luis Jiménez de Asúa. |
| 260 |
_aBuenos Aires : _bLosada, _c[1967] |
||
| 300 |
_a330 p. : _bil. ; _c20 cm. |
||
| 500 | _aBiblioteca Juan Andrade. | ||
| 600 | 1 | 7 |
_aBesteiro, Julián, _d1870-1940 _2embne _928619 |
| 700 | 1 |
_aJiménez de Asúa, Luis, _d1889-1970 _966491 |
|
| 852 |
_aES-MaACL _jAND-578 _bR.109881 |
||
| 999 |
_c105773 _d105773 |
||